Taylor Swift - Paroles Style - Statistiques

Statistiques générales
  • Ce quiz a été pris 559 fois
  • Le résultat moyen est 316 sur 386
Statistiques - réponses
Hint Réponse % Correct
You
99%
you
99%
you)
99%
a
98%
(a
98%
I
98%
"I
98%
I"
98%
and
96%
Pré-refrain And
96%
go
96%
go),
96%
style,
95%
style
95%
style)
95%
we
94%
(we
94%
out
93%
(Out
93%
me
92%
never
92%
of
92%
that
92%
That
92%
got
91%
He
91%
in
91%
Long
91%
long
91%
eye
89%
come
88%
your
88%
back
87%
back,
87%
white
87%
hair,
86%
look
86%
Couplet 1 Midnight
86%
time
86%
oh
85%
Oh,
85%
whoa,
85%
like
84%
lip
84%
red
84%
every
83%
no
83%
Dean
82%
girl
82%
girl,
82%
girl"
82%
it
82%
James
82%
skirt
82%
skirt)
82%
Couplet 2 So
82%
the
82%
The
82%
thing
82%
'cause
81%
'Cause
81%
little
81%
t-shirt
81%
classic
80%
down,
80%
down
80%
heard
79%
(heard
79%
heard,
79%
pick
79%
up,
79%
daydream
78%
crashing
77%
drive
77%
but
76%
been
75%
Bridge Take
75%
take
75%
when
75%
home
72%
good
71%
on
71%
to
71%
can't
70%
Can't
70%
other
70%
eyes
69%
say,
68%
some
68%
you've
68%
just
67%
Just
67%
said,
67%
from
66%
goes
66%
paradise
66%
headlights
65%
road,
65%
with
65%
have
64%
It's
64%
is
63%
thinkin'
63%
about
62%
his
62%
"I've
62%
keep
62%
"What
62%
where
62%
stop
61%
tight
61%
true,
61%
while
60%
Know
59%
mm
59%
mm,
59%
since
59%
there
58%
times"
58%
'bout
57%
each
57%
few
57%
leave
57%
'round
56%
even
54%
yeah
54%
exactly
53%
says,
53%
Takes
53%
Yeah,
53%
slicked
52%
wild
51%
should
50%
too
50%
off,
49%
off
49%
tell
48%
flames
47%
leads,
47%
view,
47%
end
46%
faith
46%
burning
45%
Could
45%
lights
44%
or
44%
coat,
42%
into
42%
are
41%
he's
41%
taking
40%
Fade
39%
Watch
38%
us
33%
(now
12%
Aucun quiz correspondant
Distribution des résultats
% des personnes avec chaque résultat
Percentile par nombre de réponses
Votre historique - résultats
Vous n’avez pas pris ce quiz